000 00309 a2200145 4500
001 47480
020 _a978-85-322-80404
040 _cAnchieta - Aquarius
240 1 0 _aQuem sou eu?
_lpor
245 1 0 _aQuem sou eu?
300 _a10p.
362 0 _a2012
650 4 _aLiteratura infanto-juvenil
942 _cBK
999 _c47480
_d47480